[Event "Rowy Seniors op 7th"]
[Site "Rowy"]
[Date "2003.09.05"]
[Round "6"]
[White "Bienkowski, Gabriel"]
[Black "Gorjatschkin, Wjatscheslaw"]
[Result "0-1"]
[WhiteElo "2089"]
[BlackElo "2216"]
[PlyCount "59"]
[EventDate "2003.08.??"]
[EventType "swiss"]
[EventRounds "9"]
[EventCountry "POL"]
[SourceTitle "EXT 2006"]
[Source "ChessBase"]
[SourceDate "2005.11.24"]
[SourceVersion "1"]
[SourceVersionDate "2005.11.24"]
[SourceQuality "1"]

1. Nf3 g6 2. c4 Bg7 3. d4 c5 4. Nc3 Nf6 5. e4 0-0 6. h3 Qa5 7. Bd2 cxd4 8. Nxd4 Nxe4 9. Nxe4 Qe5 10. Qe2 Qxd4 11. Bc3 Qb6 12. Bxg7 Kxg7 13. g3 Nc6 14. Bg2 Nd4 15. Qd2 d6 16. 0-0 Bxh3 17. Qc3 e5 18. Rae1 Bxg2 19. Kxg2 Rac8 20. Rh1 f5 21. Qe3 fxe4 22. Qh6+ Kf6 23. Qh4+ Ke6 24. Qxh7 Rxf2+ 25. Kxf2 Qxb2+ 26. Kg1 Nf3+ 27. Kf1 Nd2+ 28. Kg1 Rxc4 29. Qxg6+ Kd5 30. Qf7+ 0-1

[Event "Rowy Seniors op 7th"]
[Site "Rowy"]
[Date "2003.09.03"]
[Round "4"]
[White "Krasowski, Slawomir"]
[Black "Gorjatschkin, Wjatscheslaw"]
[Result "1/2-1/2"]
[WhiteElo "2118"]
[BlackElo "2216"]
[PlyCount "86"]
[EventDate "2003.08.??"]
[EventType "swiss"]
[EventRounds "9"]
[EventCountry "POL"]
[SourceTitle "EXT 2006"]
[Source "ChessBase"]
[SourceDate "2005.11.24"]
[SourceVersion "1"]
[SourceVersionDate "2005.11.24"]
[SourceQuality "1"]

1. e4 e5 2. Nf3 Nc6 3. Bc4 Bc5 4. c3 Bb6 5. d4 Qe7 6. 0-0 d6 7. h3 Nf6 8. a4 a6 9. Re1 0-0 10. d5 Nb8 11. Bd3 h6 12. Nbd2 Nbd7 13. Nc4 Ba7 14. b4 Nh5 15. Ne3 Nf4 16. Nf5 Qd8 17. Bf1 Nf6 18. Bxf4 Bxf5 19. Bxe5 Nxe4 20. Bd4 Ng5 21. Bxa7 Rxa7 22. Nd4 Bd7 23. Bd3 Ra8 24. Qc2 g6 25. h4 Nh7 26. h5 Nf6 27. hxg6 Nxd5 28. gxf7+ Rxf7 29. Bc4 Qg5 30. Qe4 c6 31. Nf3 Qg7 32. Bxd5 cxd5 33. Qd4 Qg6 34. Re3 Raf8 35. Nh4 Qc2 36. Rg3+ Kh7 37. Nf3 Qe4 38. Qd2 Rf4 39. Re1 Qf5 40. a5 Rf7 41. Rd1 Ba4 42. Re1 Bd7 43. Rd1 Ba4 1/2-1/2

[Event "Rowy Seniors op 7th"]
[Site "Rowy"]
[Date "2003.09.01"]
[Round "2"]
[White "Krawcewicz, Lucyna"]
[Black "Gorjatschkin, Wjatscheslaw"]
[Result "1/2-1/2"]
[WhiteElo "2051"]
[BlackElo "2216"]
[PlyCount "76"]
[EventDate "2003.08.??"]
[EventType "swiss"]
[EventRounds "9"]
[EventCountry "POL"]
[SourceTitle "EXT 2006"]
[Source "ChessBase"]
[SourceDate "2005.11.24"]
[SourceVersion "1"]
[SourceVersionDate "2005.11.24"]
[SourceQuality "1"]

1. d4 d5 2. Nf3 Bf5 3. c4 c6 4. e3 Bxb1 5. Rxb1 e6 6. cxd5 exd5 7. a3 Bd6 8. Bd3 Nf6 9. b4 Qe7 10. 0-0 0-0 11. Qb3 a6 12. a4 b5 13. a5 Nbd7 14. Ba3 Rac8 15. Qc2 Rfe8 16. Rfc1 h6 17. Bf5 g6 18. Bd3 Nf8 19. Rb3 N6d7 20. Qb1 Nb8 21. Rbc3 Kh7 22. g3 Nfd7 23. Nh4 Qe6 24. Re1 Qf6 25. Rec1 Re6 26. Bf1 Re4 27. Ng2 Rce8 28. Bd3 R4e6 29. Be2 Qg7 30. Nh4 Nf6 31. Bf3 Ne4 32. Bxe4 Rxe4 33. Ng2 R4e6 34. Qd3 Qf8 35. Rb3 Qe7 36. Rb2 f5 37. Rb3 Qf8 38. Rcb1 Kg8 1/2-1/2

[Event "Neu Isenburg"]
[Site "Neu Isenburg"]
[Date "1991.??.??"]
[Round "?"]
[White "Chernin, Alexander"]
[Black "Gorjatschkin, Wjatscheslaw"]
[Result "1-0"]
[WhiteElo "2605"]
[BlackElo "2490"]
[PlyCount "59"]
[EventDate "1991.??.??"]
[EventType "game"]
[EventRounds "1"]
[EventCountry "GER"]
[SourceTitle "EXT 2010"]
[Source "ChessBase"]
[SourceDate "2010.11.25"]
[SourceVersion "1"]
[SourceVersionDate "2010.11.25"]
[SourceQuality "1"]

1. d4 Nf6 2. c4 g6 3. Nc3 d5 4. cxd5 Nxd5 5. e4 Nxc3 6. bxc3 Bg7 7. Nf3 c5 8. Rb1 0-0 9. Be2 cxd4 10. cxd4 Qa5+ 11. Bd2 Qxa2 12. 0-0 Bg4 13. Be3 b6 14. Ra1 Qe6 15. h3 Bxf3 16. Bxf3 a5 17. e5 Ra7 18. Qb1 Qd7 19. Qxb6 Ra6 20. Qb2 Qd8 21. Qb5 e6 22. Rfb1 a4 23. Rxa4 Rxa4 24. Qxa4 Qd7 25. Qxd7 Nxd7 26. Bc6 Rb8 27. Rxb8+ Nxb8 28. Bb5 Kf8 29. Bg5 h6 30. Bd8 1-0

[Event "Bad Wildbad op 6th"]
[Site "Bad Wildbad"]
[Date "1990.11.24"]
[Round "9.4"]
[White "Gorjatschkin, Wjatscheslaw"]
[Black "Staller, Peter"]
[Result "0-1"]
[WhiteElo "2235"]
[BlackElo "2350"]
[PlyCount "96"]
[EventDate "1990.11.16"]
[EventType "swiss"]
[EventRounds "9"]
[EventCountry "GER"]
[SourceTitle "EXT 2014"]
[Source "ChessBase"]
[SourceDate "2013.11.20"]
[SourceVersion "1"]
[SourceVersionDate "2013.11.20"]
[SourceQuality "1"]

1. d4 Nf6 2. c4 e6 3. Nc3 Bb4 4. Qc2 0-0 5. a3 Bxc3+ 6. Qxc3 Nc6 7. Bg5 d6 8. e3 e5 9. Nf3 Re8 10. d5 Nb8 11. Nd2 c5 12. Qc2 Nbd7 13. Bd3 h6 14. Bh4 Qe7 15. f3 b5 16. e4 bxc4 17. Nxc4 Nf8 18. Bf2 Bd7 19. 0-0 Reb8 20. Be1 Bb5 21. b4 N6d7 22. Na5 cxb4 23. Bxb5 Rxb5 24. Nc6 Qe8 25. axb4 a6 26. Qd3 Ng6 27. Rxa6 Rxa6 28. Qxb5 Ra2 29. Qc4 Qa8 30. Na5 Rb2 31. g3 Nb6 32. Qc6 Qa6 33. Bc3 Rc2 34. b5 Qa7 35. Kh1 Kh7 36. f4 Ne7 37. Qxd6 Rxc3 38. Nc6 Nxc6 39. dxc6 Qa2 40. Qxe5 Qe2 41. Kg1 Rc2 42. Qf5+ Kg8 43. Qh3 Qe3+ 44. Kh1 Qxe4+ 45. Kg1 Qd4+ 46. Kh1 Qd5+ 47. Kg1 Qxb5 48. Rd1 Qc5+ 0-1

[Event "Bad Wildbad op 6th"]
[Site "Bad Wildbad"]
[Date "1990.11.21"]
[Round "6.7"]
[White "Gorjatschkin, Wjatscheslaw"]
[Black "Adamski, Jan"]
[Result "1-0"]
[WhiteElo "2235"]
[BlackElo "2400"]
[PlyCount "63"]
[EventDate "1990.11.16"]
[EventType "swiss"]
[EventRounds "9"]
[EventCountry "GER"]
[SourceTitle "EXT 2014"]
[Source "ChessBase"]
[SourceDate "2013.11.20"]
[SourceVersion "1"]
[SourceVersionDate "2013.11.20"]
[SourceQuality "1"]

1. d4 Nf6 2. c4 e6 3. Nc3 Bb4 4. e3 c5 5. Nge2 b6 6. a3 Ba5 7. Rb1 Na6 8. f3 0-0 9. Kf2 Bxc3 10. Nxc3 d5 11. dxc5 bxc5 12. cxd5 exd5 13. b4 Rb8 14. Bxa6 Bxa6 15. bxc5 Ne4+ 16. Nxe4 Rxb1 17. Nc3 Rb7 18. Qd4 Rd7 19. Rd1 Bb7 20. Nb5 Bc6 21. Nd6 Qg5 22. h4 Qg6 23. Bb2 h5 24. Rd2 Rb8 25. Qf4 Rb3 26. Nf5 f6 27. g4 hxg4 28. fxg4 Qe8 29. Nd4 Rbb7 30. Nxc6 Rdc7 31. Na5 Rb5 32. Qxc7 1-0